000 00502nam a2200157 i 4500
001 75654
003 ES-MaACL
005 20230906172533.0
007 t|
008 040927q19601969sp ||||1| spa d
100 1 _aGrande Villazán, Jerónimo.
_959596
245 1 0 _aCurso de contabilidad general y de empresas /
_cpor Jerónimo Grande Villazán.
260 _aMadrid :
_bInstituto de Contabilidad,
_c[196-?] (
_fNuevas Gráficas)
300 _a329 p. ;
_c31 cm.
852 _aES-MaACL
_jC-17591
_bR.45094
999 _c75654
_d75654